Introduction to LINEAR ALGEBRA (Record no. 523510)

000 -LEADER
fixed length control field 00485nam a22001937a 4500
003 - CONTROL NUMBER IDENTIFIER
control field NUST
005 - DATE AND TIME OF LATEST TRANSACTION
control field 20190326092919.0
020 ## - INTERNATIONAL STANDARD BOOK NUMBER
International Standard Book Number 9780980232721
038 ## - RECORD CONTENT LICENSOR
Staff Name Nusrat Nadeem
040 ## - CATALOGING SOURCE
Original cataloging agency DLC
Language of cataloging DLC
Transcribing agency RCMS
082 ## - DEWEY DECIMAL CLASSIFICATION NUMBER
Classification number 512.5
Author Mark STR
100 ## - MAIN ENTRY--PERSONAL NAME
Personal name Gilbert Strang
9 (RLIN) 10675
245 ## - TITLE STATEMENT
Title Introduction to LINEAR ALGEBRA
Statement of responsibility, etc. Strang Gilbert
250 ## - EDITION STATEMENT
Edition statement 4th,ed.
260 ## - PUBLICATION, DISTRIBUTION, ETC.
Place of publication, distribution, etc. USA
Name of publisher, distributor, etc. Cambridge Press
Date of publication, distribution, etc. 2009
300 ## - PHYSICAL DESCRIPTION
Extent ix,574,p:
Other physical details ill:
Dimensions 22,cm.
600 ## - SUBJECT ADDED ENTRY--PERSONAL NAME
General subdivision ALGEBRA
9 (RLIN) 13995
942 ## - ADDED ENTRY ELEMENTS (KOHA)
Source of classification or shelving scheme
Koha item type Book
Holdings
Withdrawn status Lost status Source of classification or shelving scheme Damaged status Not for loan Permanent Location Current Location Shelving location Date acquired Total Checkouts Total Renewals Full call number Barcode Checked out Date last seen Date last checked out Price effective from Koha item type
          School of Interdisciplinary Engineering and Sciences (SINES) School of Interdisciplinary Engineering and Sciences (SINES) General Stacks 03/26/2019 10 2 512.5 STR RCMS002974 03/12/2025 02/10/2025 02/10/2025 03/26/2019 Book
© 2023 Central Library, National University of Sciences and Technology. All Rights Reserved.